MINDFULNESS: THE PATH TO THE DEATHLESS (Record no. 5141)
[ view plain ]
| 000 -LEADER | |
|---|---|
| fixed length control field | 00658nam a22001457a 4500 |
| 020 ## - INTERNATIONAL STANDARD BOOK NUMBER | |
| ISBN | 1-870205-01-4 |
| 082 ## - DEWEY DECIMAL CLASSIFICATION NUMBER | |
| Classification number | 200 |
| Item number | SUM/M |
| 100 ## - MAIN ENTRY--AUTHOR NAME | |
| Personal name | SUMEDHO, AJAHN |
| 245 ## - TITLE STATEMENT | |
| Title | MINDFULNESS: THE PATH TO THE DEATHLESS |
| 260 ## - PUBLICATION, DISTRIBUTION, ETC. (IMPRINT) | |
| Place of publication | LONDON |
| Name of publisher | AMARAVATI PUBLICATIONS |
| Year of publication | 1987 |
| 300 ## - PHYSICAL DESCRIPTION | |
| Number of Pages | 72 |
| 520 ## - SUMMARY, ETC. | |
| Summary, etc | The aim of this book is to provide a clear instruction in and reflection on Buddhist meditation as taught by Ajahn Sumedho, a bhikkhu (monk) of the Theravadin tradition. The following chapters are ed- ited from longer talks Ajahn Sumedho has given to meditators as a practical approach to the wisdom of Buddhism. |
| 650 ## - SUBJECT ADDED ENTRY--TOPICAL TERM | |
| Topical Term | RELIGIOUS |
| Geographic subdivision | UNITED KINGDOM |
| 942 ## - ADDED ENTRY ELEMENTS (KOHA) | |
| Koha item type | Books |
| Withdrawn status | Lost status | Collection code | Home library | Current library | Shelving location | Date acquired | Source of acquisition | Full call number | Accession Number | Koha item type |
|---|---|---|---|---|---|---|---|---|---|---|
| Non-fiction | Main Library | Main Library | SHELF 15 C-RELIGIOUS | 14/07/2016 | purchase | 200 SUM/M | 04343 | Books | ||
| Non-fiction | Main Library | Main Library | SHELF 15 C-RELIGIOUS | 14/07/2016 | purchase | 200 SUM/M | 04345 | Books | ||
| Non-fiction | Main Library | Main Library | SHELF 15 C-RELIGIOUS | 14/07/2016 | purchase | 200 SUM/M | 04344 | Books |